000 00633nam a22002057a 4500
999 _c157652
_d157652
005 20190128124532.0
010 _aB-219419 B-219425
020 _a8189093223
_c0.00
035 _aB-219419 B-219425 B-219429 B-219421
037 _bBPPD/PUB
082 _a624
100 _aM.L. Sharman
245 _aLotus illustrated dictionary of civil engineering /
_cby Sharman, M.L
260 _aNew delhi
_bLotus press
_c2007
270 _a4263/3, Ansari road daryaganj
_bNew Delhi
_e110002
300 _a232p.
_c22cm (Hb)
650 _aAccountancy
942 _adpl
_cEN
_k624 / LOT
_2ddc
_h624
_mLOT